000 00344nam a2200145Ia 4500
003 SEM
008 141116s9999 xx 000 0 und d
080 _a882-94 Շ-18
100 _aԱճեմյան Գոհար
245 _aՄարիետա Շահինյանի հետ
260 _aԵրևան
260 _c1981
300 _a46
942 _2udc
_cBK
999 _c45665
_d45665